000 00509nam a2200181 4500
001 25225
005 20230404125948.0
008 060907n1978 dr spa
020 _a0890960437
035 _9funglode25416
041 _aEN
050 1 4 _a103 F 2538.22 D883c 1978
100 _aDulles, John W. F.
245 1 _aCastello Branco :
_bthe making of a brazilian president /
_cJohn W. F. Dulles
260 _aTexas :
_bAEM. University Press,
_c1978
300 _axxi, 487 p.
942 _2lcc
_cbk
999 _c8170
_d8170